MARC

LEADER 00000nam0a2200000 4500
001 160089
005 20231031155452.0
035 |a (RuTPU)RU\TPU\book\173609 
090 |a 160089 
100 |a 20090518d1978 km y0rusy50 ca 
101 0 |a rus 
102 |a RU 
105 |a y z 001zy 
200 1 |a Технические расчеты в производстве химических волокон  |f Е. В. Гарф, А. Б. Пакшвер 
210 |a Москва  |c Химия  |d 1978 
215 |a 256 с. 
320 |a Библиогр.: с. 250. 
320 |a Предметный указатель: с. 252-255. 
610 1 |a волокна 
610 1 |a химические волокна 
610 1 |a производство 
610 1 |a технические расчеты 
610 1 |a транспортирование 
610 1 |a перемешивание 
675 |a 677.4.001.24  |v 3 
700 1 |a Гарф  |b Е. В.  |g Евгений Вильгельмович 
701 1 |a Пакшвер  |b А. Б.  |g Александр Бернардович 
801 1 |a RU  |b 63413507  |c 20090518  |g PSBO 
801 2 |a RU  |b 63413507  |c 20160614  |g PSBO 
942 |c BK